American odyssey : (Record no. 180)

MARC details
000 -LEADER
fixed length control field 01603nam a2200301 a 4500
001 - CONTROL NUMBER
control field 744150
005 - DATE AND TIME OF LATEST TRANSACTION
control field 20210414113851.0
008 - FIXED-LENGTH DATA ELEMENTS--GENERAL INFORMATION
fixed length control field 990504s1999 nyuab b 001 0 eng
010 ## - LIBRARY OF CONGRESS CONTROL NUMBER
LC control number 99202488
020 ## - INTERNATIONAL STANDARD BOOK NUMBER
International Standard Book Number 0028221540
040 ## - CATALOGING SOURCE
Original cataloging agency DLC
Transcribing agency DLC
043 ## - GEOGRAPHIC AREA CODE
Geographic area code n-us---
050 00 - LIBRARY OF CONGRESS CALL NUMBER
Classification number E741.N36
082 00 - DEWEY DECIMAL CLASSIFICATION NUMBER
Classification number 973.91
Edition number 21
100 1# - MAIN ENTRY--PERSONAL NAME
Personal name Nash, Gary B.
245 10 - TITLE STATEMENT
Title American odyssey :
Remainder of title the United States in the twentieth century /
Statement of responsibility, etc. Gary B. Nash.
250 ## - EDITION STATEMENT
Edition statement Teacher's wraparound ed., multimedia ed.
260 ## - PUBLICATION, DISTRIBUTION, ETC.
Place of publication, distribution, etc. New York :
Name of publisher, distributor, etc. Glencoe/McGraw-Hill,
Date of publication, distribution, etc. c1999.
300 ## - PHYSICAL DESCRIPTION
Extent x, 1010 p. :
Other physical details ill. (some col.), col. maps ;
Dimensions 30 cm.
504 ## - BIBLIOGRAPHY, ETC. NOTE
Bibliography, etc. note Includes bibliographical references and index.
505 ## - FORMATTED CONTENTS NOTE
Formatted contents note Contents: A Nation of nations, 40,000 B.C.-A.D. 1800 -- Rift and reunion, 1800-1900 -- The Roots of a modern nation, 1880-1920 -- The New era of the twenties, 1920-1929 -- Economic crisis and the new deal, 1929-1939 -- The United States transformed, 1933-1945 -- The Postwar world, 1945-1963 -- Toward equality and social reform, 1954-1976 -- The Troubled years 1960-1980 -- New challenges, 1980-Present -- Appendix.
520 ## - SUMMARY, ETC.
Summary, etc. A history of the United States in the twentieth century, featuring sociological and cultural events, as well as strictly historical, and using many pertinent literary excerpts.
651 #0 - SUBJECT ADDED ENTRY--GEOGRAPHIC NAME
Geographic name United States
General subdivision History
Chronological subdivision 20th century.
651 #1 - SUBJECT ADDED ENTRY--GEOGRAPHIC NAME
Geographic name United States
General subdivision History
Chronological subdivision 20th century.
906 ## - LOCAL DATA ELEMENT F, LDF (RLIN)
a 7
b cbc
c orignew
d 2
e ncip
f 19
g y-gencatlg
942 ## - ADDED ENTRY ELEMENTS (KOHA)
Source of classification or shelving scheme Library of Congress Classification
Koha item type Books
Holdings
Withdrawn status Lost status Source of classification or shelving scheme Damaged status Not for loan Home library Current library Shelving location Date acquired Total Checkouts Full call number Barcode Date last seen Price effective from Koha item type
    Library of Congress Classification     WISCONSIN INTERNATIONAL UNIVERSITY COLLEGE, GHANA - MAIN LIBRARY WISCONSIN INTERNATIONAL UNIVERSITY COLLEGE, GHANA - MAIN LIBRARY General Stacks 19/10/2011   E741.N36 510/11 19/10/2011 19/10/2011 Books

If you have any concerns or questions; kindly contact the library


© Powered by WIUC ICT DIRECTORATE